| 000 | 00578nam a2200193 a 4500 | ||
|---|---|---|---|
| 001 | 2044 | ||
| 003 | CDMR | ||
| 005 | 20151019134801.0 | ||
| 008 | 130130s1986||||||||||||||||||||||||||||d | ||
| 020 | _a8476520123 | ||
| 040 |
_aCDMR _bcat _cCDMR |
||
| 100 | 1 |
_aVentín Pereira, José Augusto _91060 |
|
| 245 | 1 | 3 |
_aLa guerra de la radio _b: (1936-1939) _cJosé Augusto Ventín Pereira |
| 260 |
_aBarcelona _c1986 _bMitre |
||
| 490 | 0 | _aTextos de periodismo | |
| 650 | 0 | 4 |
_91720 _aRadiodifusió _zEspanya |
| 650 | 0 | 4 |
_93196 _aEspanya _xHistòria _y1936-1939, Guerra Civil |
| 942 |
_cMON _2udc |
||
| 999 |
_c2044 _d2044 |
||